Újragondolt kötelezők Lőrincz Andrea - Nagy Ádám: Égi megbízás - Az ember tragédiája /

A Molnár Ferenc A Pál utcai fiúk című regénye nyomán készült interaktív kalandkönyv (Nagy, Trencsényi és Veszprémi, 2020) után idén megjelent Lőrincz Andrea és Nagy Ádám Égi megbízás című kötete, amely Madách Imre Az ember tragédiája című művét dolgozza fel hasonló koncepció mentén. Mindkét kötetet...

Teljes leírás

Elmentve itt :
Bibliográfiai részletek
Szerző: Manxhuka Afrodita
További közreműködők: Lőrincz Andrea
Nagy Ádám
Dokumentumtípus: Cikk
Megjelent: Szegedi Tudományegyetem, Bölcsészet- és Társadalomtudományi Kar Szeged 2022
Sorozat:Iskolakultúra 32 No. 10
Kulcsszavak:Magyar irodalom - dráma - könyvismertetés, Szerepjáték - könyvismertetés, Ifjúsági irodalom - könyvismertetés
Tárgyszavak:
Online Access:http://misc.bibl.u-szeged.hu/71212
LEADER 01927nab a2200241 i 4500
001 misc71212
005 20230329121203.0
008 230329s2022 hu o 0|| hun d
022 |a 1215-5234 
040 |a SZTE Miscellanea Repozitórium  |b hun 
041 |a hun 
100 1 |a Manxhuka Afrodita 
245 1 0 |a Újragondolt kötelezők   |h [elektronikus dokumentum] :  |b Lőrincz Andrea - Nagy Ádám: Égi megbízás - Az ember tragédiája /  |c  Manxhuka Afrodita 
260 |a Szegedi Tudományegyetem, Bölcsészet- és Társadalomtudományi Kar  |b Szeged  |c 2022 
300 |a 104-106 
490 0 |a Iskolakultúra  |v 32 No. 10 
520 3 |a A Molnár Ferenc A Pál utcai fiúk című regénye nyomán készült interaktív kalandkönyv (Nagy, Trencsényi és Veszprémi, 2020) után idén megjelent Lőrincz Andrea és Nagy Ádám Égi megbízás című kötete, amely Madách Imre Az ember tragédiája című művét dolgozza fel hasonló koncepció mentén. Mindkét kötetet egy-egy olyan klasszikus magyar irodalmi alkotás ihletett, amely már hosszú évtizedek óta megkérdőjelezhetetlenül szerepel az iskolai olvasmányok listáján. Míg A Pál utcai fiúk az egyik legkedveltebb (ha nem a legkedveltebb) kötelező olvasmány a diákok körében (ld. pl. Gombos, 2009), addig Madách drámájának befogadása mind a nyelvezet, mind a gondolati tartalmak jellege miatt kifejezetten nehéz a középiskolások számára, ezért Az ember tragédiája esetében egyáltalán nem mellékes kérdés, hogy miként lehetne közelebb hozni a művet a mai olvasókhoz. 
650 4 |a Bölcsészettudományok 
650 4 |a Nyelvek és irodalom 
695 |a Magyar irodalom - dráma - könyvismertetés, Szerepjáték - könyvismertetés, Ifjúsági irodalom - könyvismertetés 
700 0 1 |a Lőrincz Andrea 
700 0 1 |a Nagy Ádám 
856 4 0 |u http://misc.bibl.u-szeged.hu/71212/1/iskolakultura_2022_010_104-106.pdf  |z Dokumentum-elérés